01898 2200253 4500001002100000005001500021035002000036008004100056020001800097041000800115082001200123084001800135100001500153245006400168260005200232300002700284500002300311504001400334520118900348650002801537650002701565990002601592990002601618INLIS00000000000308020221104122613 a0010-0520003080221104 | | eng  a0-521-84079-1 aeng a345.026 a345.026 MAY c0 aMay, Larry1 aCrimes Against Humanity :bA Normative Account /cLarry May aCambridge :bCambriedge University Press,c2005 axiii, 310 p. ;c24 cm. aIndeks : p.305-310 ap.295-304 aThis book is the first booklength treatment of the philosophical foundations of international criminal law. Its focus is on the moral, legal, and political questions that arise when individuals who commit collective crimes, such as crimes against humanity, are held accountable by international criminal tribunals. These tribunals challenge one of the most sacred prerogatives of states - sovereignty - breaches of which can be justified only in limited circumstances, following what the author calls a minimalist account of the justification of international prosecution. It is divided into four parts. Part A provides a definition of international crime and justifies the existence of norms that can achieve a universal binding force. Part B identifies and defends several principles of international criminal law. Part C turns to institutional arrangements for prosecuting group-based crimes. Part D looks at defenses, as well as alternatives, to international criminal prosecutions, such as amnesty and truth and reconciliation programs. This book will appeal to anyone with an interest in international law, political philosophy, international relations, and human rights theory. 4aCrimes against humanity 4aInternational offenses a11574/MKRI-P/XII-2008 a11574/MKRI-P/XII-2008